OH NO! The countries of Europe have fallen into the sea. - Statistics

General Stats
  • This quiz has been taken 228 times
    125 since last reset
  • The average score is 43 of 47
Answers on the Map
Answers color-coded by a green-red scale on the quiz's map according to % correct below.
 
Answer Stats
Answer % Correct
France
98%
United Kingdom
98%
Finland
97%
Italy
97%
Poland
97%
Spain
97%
Sweden
97%
Germany
96%
Norway
96%
Greece
95%
Ireland
95%
Ukraine
95%
Hungary
94%
Iceland
94%
Romania
94%
Russia
94%
Switzerland
94%
Andorra
93%
Austria
93%
Czech Republic
93%
Portugal
93%
Slovakia
93%
Vatican City
93%
Belgium
92%
Bosnia and Herzegovina
92%
Latvia
92%
Lithuania
92%
Netherlands
92%
Belarus
91%
Bulgaria
91%
Croatia
91%
Denmark
91%
Estonia
91%
Slovenia
91%
Albania
90%
Luxembourg
90%
Moldova
90%
San Marino
90%
North Macedonia
89%
Liechtenstein
88%
Montenegro
88%
Serbia
88%
Serbia
88%
Malta
85%
Monaco
84%
Türkiye
82%
Cyprus
76%
No matching quizzes found
Score Distribution
Percent of People with Each Score
Percentile by Number Answered
Your Score History
You have not taken this quiz since the last reset